ទំលាប់ទំនៀមខ្មែរ / (Record no. 6706)

MARC details
000 -LEADER
fixed length control field 01767nam a22002057a 4500
001 - CONTROL NUMBER
control field 6706
003 - CONTROL NUMBER IDENTIFIER
control field FISKH
005 - DATE AND TIME OF LATEST TRANSACTION
control field 20250521122735.0
008 - FIXED-LENGTH DATA ELEMENTS--GENERAL INFORMATION
fixed length control field 250521b cb ||||| |||| 00| 0 eng d
040 ## - CATALOGING SOURCE
Original cataloging agency FISKH
Language of cataloging khr
Transcribing agency FISKH
Modifying agency FISKH
082 ## - DEWEY DECIMAL CLASSIFICATION NUMBER
Classification number 800
100 ## - MAIN ENTRY--PERSONAL NAME
Personal name Nooch, Nhik
245 ## - TITLE STATEMENT
Title ទំលាប់ទំនៀមខ្មែរ /
Statement of responsibility, etc. ឧកញ៉ាមហាមន្ត្រី ញិក នូច
260 ## - PUBLICATION, DISTRIBUTION, ETC.
Place of publication, distribution, etc. ភ្នំពេញ :
Name of publisher, distributor, etc. លាង​ ដាលីន​​​​​​​ ,
Date of publication, distribution, etc. ២០០៤ .
300 ## - PHYSICAL DESCRIPTION
Extent 69 pages :
Other physical details illustrations ;
Dimensions 21 cm .
520 ## - SUMMARY, ETC.
Summary, etc. The book (Khmer Customs and Traditions), compiled by Nhik Nooch, serves as a comprehensive guide to the rich tapestry of Cambodian cultural practices. This work delves into various aspects of Khmer traditions, providing insights into ceremonies, rituals, and societal norms that have shaped the Cambodian way of life.
520 ## - SUMMARY, ETC.
Summary, etc. សៀវភៅ «ទំនៀមទំលាប់ខ្មែរ» ដែលរៀបរៀងដោយ ញិក នូច គឺជាមគ្គុទេសក៍ពេញលេញមួយអំពីទម្លាប់វប្បធម៌ដ៏សម្បូរបែបរបស់ជាតិខ្មែរ។ សៀវភៅនេះពិភាក្សាអំពីទម្លាប់ខ្មែរផ្នែកផ្សេងៗ ដោយផ្តល់នូវការយល់ដឹងអំពីពិធីការណ៍ ប្រភពទម្លាប់ និងនិន្នាការសង្គម ដែលបានរុងរឿងនឹងបង្កើតរបៀបរស់នៅរបស់ជនជាតិខ្មែរយូរមកនេះ។
942 ## - ADDED ENTRY ELEMENTS (KOHA)
Source of classification or shelving scheme Dewey Decimal Classification
Koha item type Khmer Books
Suppress in OPAC No
Holdings
Withdrawn status Lost status Source of classification or shelving scheme Damaged status Not for loan Collection Home library Current library Shelving location Date acquired Total Checkouts Full call number Barcode Date last seen Price effective from Koha item type
    Dewey Decimal Classification     Khmer Language Books / សៀវភៅភាសាខ្មែរ Footprints International School Library Network Toul Tom Poung Campus Footprints International School Library Network Toul Tom Poung Campus TTP Secondary Khmer Bookshelves 05/21/2025   NOO 800 FIS03904 05/21/2025 05/21/2025 Khmer Books